000 00826nmc a2200277 a 4500
003 AR-BaBNM
005 20251128211416.0
008 075020s2004 ||||||||||||||000 | spa||
020 _a987-500-084-1
040 _cAR-BaBNM
245 1 0 _aLa trama de la desigualdad educativa
_bmutaciones recientes en la escuela media
250 _a1ª ed.
260 _aBuenos Aires
_bManantial
_c2004
300 0 _a239 p.
490 0 _aBiblioteca del docente
504 _aContiene referencias bibliográficas al final de cada capítulo
650 4 _aSOCIOLOGIA DE LA EDUCACION
650 4 _aPAPEL DE LA ESCUELA
651 4 _aArgentina
653 0 _aEDUCACION SECUNDARIA
653 0 _aNIVEL MEDIO
653 0 _aMARGINACION EDUCATIVA
700 1 _aTiramonti, Guillermina
_ecompilador
942 _cBK
998 _cme-solo cat
999 _c19563
_d19563